| 000 | 00353nam a2200145Ia 4500 | ||
|---|---|---|---|
| 008 | 230711s9999||||xx |||||||||||||| ||und|| | ||
| 041 | _aENG | ||
| 082 |
_a621 _bHO-C |
||
| 100 | _aHolzner,Steven | ||
| 245 | 0 | _aC++ programming of black book | |
| 250 | _a1st Ed. | ||
| 260 |
_c2001 _aNew Delhi _bDream Tech |
||
| 650 | _aComputer Engineering | ||
| 942 | _cBK | ||
| 999 |
_c4085 _d4085 |
||